000 00568pab a2200205 454500
008 180718b2012 xxu||||| |||| 00| 0 eng d
100 _aMaini, Jiwan Jyoti
245 _aThe relationship among emotional intelligence and outcome variables: A study of Indian employees
260 _c2012
300 _ap.187-199.
362 _aSep
650 _aEmployees - India
650 _aEmotional development - India
650 _aEmotional development
700 _aKaur, Parminder
700 _aSingh, Bhawdeep
773 _aVision
908 _aN
909 _a97992
999 _c97991
_d97991